000
00268nam a22001217a 4500
008
170816b xxu||||| |||| 00| 0 eng d
041
_a
eng
080
_2
10 ED
_a
51
100
_a
51
101
_a
MAT
245
_a
FINITE MATHEMATICS
_c
HUNGERFORD.L
942
_2
udc
_c
BK
999
_c
23757
_d
23757